000 00542nam a2200181Ia 4500
005 20250326123646.0
008 250326s9999 xx 000 0 und d
037 _aTextbook
040 _aFMSL
_beng
_cFMSL
041 _aeng
_2eng
084 _aX9W:89ZB M3;1
_qFMSL
100 _aMishra R K
245 0 _aManagement development and training in public enterprises
_cMishra R K; Ravishankar S
260 _aNew Delhi
_bNew Delhi, Ajanta
_c1983
300 _a516p
942 _cTB
_hX9W:89ZB M3;1
999 _c1270368
_d1270368